The Real Size of Animals - Statistics

General Stats
  • This quiz has been taken 1,087 times
    1,039 since last reset
  • The average score is 11 of 15
Answer Stats
Question Answer % Correct
Bee hummingbird
98%
Hippopotamus
96%
Seahorse
96%
Eurasian lynx
93%
Emperor penguin
89%
Red kangaroo
84%
Giant squid
84%
Nine-banded armadillo
78%
Northern elephant seal
69%
Ocean sunfish (mola)
65%
Platypus
61%
Great white shark
49%
Giant panda
48%
White pelican
44%
Manta ray
28%
No matching quizzes found
Score Distribution
Percent of People with Each Score
Percentile by Number Answered
Your Score History
You have not taken this quiz since the last reset